Normal view
MARC view
Entry Geographic Name
001 - CONTROL NUMBER
- control field: 21881
003 - CONTROL NUMBER IDENTIFIER
- control field: ARRUPE
005 - DATE AND TIME OF LATEST TRANSACTION
- control field: 20160127155344.0
008 - FIXED-LENGTH DATA ELEMENTS
- fixed length control field: 160127|| aca||aabn | a|a d
040 ## - CATALOGING SOURCE
- Original cataloging agency: ARRUPE
- Transcribing agency: ARRUPE
151 ## - HEADING--GEOGRAPHIC NAME
- Geographic name: Great Britain
- General subdivision: Colonies
- Geographic subdivision: Africa.
670 ## - SOURCE DATA FOUND
- Source citation: Work cat.: (ARRUPE)0: Raphael, Lois A. C. (Lois Alward Childs), 1900- 21879, The Cape-to-Cairo dream,, 1936.